|
|
|
|
| LEADER |
00949nam a2200277 4500 |
| 001 |
DLU200194968 |
| 005 |
##20200923 |
| 040 |
# |
# |
|a DLU
|b vie
|
| 041 |
# |
# |
|a vie
|
| 044 |
# |
# |
|a vn
|
| 100 |
# |
# |
|a Hà Thị Hồng Vân.
|
| 245 |
# |
# |
|a Hoàn thiện thể chế kinh tế mở cửa sau Đại hội XVIII Đảng Cộng sản Trung Quốc /
|c Hà Thị Hồng Vân, Nguyễn Thị Hà Phương.
|
| 653 |
# |
# |
|a Đại hội XVIII
|
| 653 |
# |
# |
|a Đảng Cộng sản Trung Quốc /
|
| 653 |
# |
# |
|a Kinh tế Trung Quốc
|
| 653 |
# |
# |
|a Thể chế kinh tế mở cửa
|
| 700 |
# |
# |
|a Nguyễn Thị Hà Phương.
|
| 773 |
# |
# |
|t Nghiên cứu Trung Quốc
|g Số 7(203), 2018, tr. 3-23
|
| 920 |
# |
# |
|a Phòng Tạp chí -- Trung tâm Thông tin - Thư viện Trường Đại học Đà Lạt
|
| 900 |
# |
# |
|a True
|
| 911 |
# |
# |
|a Nguyễn Thị Thu Phương
|
| 925 |
# |
# |
|a G
|
| 926 |
# |
# |
|a A
|
| 927 |
# |
# |
|a BB
|
| 980 |
# |
# |
|a Thư viện Trường Đại học Đà Lạt
|